000 00389nam a2200157Ia 4500
005 20250423101652.0
008 250422s9999 xx 000 0 und d
020 _a978-0-582-22628-9
100 _aJ. Mendham
245 0 _aVogel's Textbook of Quantitative Chemical Analysis
250 _a6th ed.
260 _bPearson Education Ltd
260 _c2000
300 _a806 p
942 _cBK
999 _c36927
_d36927